000 01317nam a2200301Ia 4500
001 475
003 IT-RoPAU
008 130308s9999 xx 000 0 und d
040 _aIT-RoPAU
040 _cIT-RoPAU
041 _aITALIANO
100 _aMelandri Enzo
100 _gCodice Aut. SPICS: 3909
245 _aAnalogia (L'), la proporzione, la simmetria
245 _bAnalogia (L'), la Proporzione, la Simmetria
250 _a1a ed.
260 _aMILANO
260 _bISEDI
260 _c1974 [1° Ed.:1974 - Ed.Ling.Originale:1974]
300 _a"186 p. (prefazione: no ; testo: 186)"
500 _aFunzioni dell'Analogia forme dell'Analogia Struttura dell'Analogia Rapporto Forma Contenuto Analogia e Induzione paradigma Generalizzazione Induzionesintesi e Analisi Chiasma Ontologico Analogia e Deduzione Logica e Analogia formalismo e Intuizionismo Identico e Differente Predicazione ed Espressione ipotesiMonovalente Analogia e Complementarità Linea e Circolo Contrarietà e Contraddittorietà Analogia e paradigma Ordinatori Naturali e Artificiali Logica Modale Individuazione Analogia e Percezione Ermeneutica del Percipiente leggi di Simmetria
650 _aLOGICA FILOSOFICA
650 _eCodice materia Spics: 3151
942 _cBK
957 _71
999 _c65450
_d65450
999 _bSI
999 _g1